Blackstone's statutes on employment law / (Record no. 5259)
[ view plain ]
| 000 -LEADER | |
|---|---|
| fixed length control field | 00738nam a22001937a 4500 |
| 008 - FIXED-LENGTH DATA ELEMENTS--GENERAL INFORMATION | |
| fixed length control field | 130222t xxu||||| |||| 00| 0 eng d |
| 020 ## - INTERNATIONAL STANDARD BOOK NUMBER | |
| International Standard Book Number | 9-7801-9969-2484 |
| 082 ## - DEWEY DECIMAL CLASSIFICATION NUMBER | |
| Edition number | 22 ed. |
| Classification number | 344.4101 |
| Item number | BLA |
| 100 ## - MAIN ENTRY--PERSONAL NAME | |
| Personal name | Edited by kidner, Richard |
| 9 (RLIN) | 6908 |
| 245 ## - TITLE STATEMENT | |
| Title | Blackstone's statutes on employment law / |
| Statement of responsibility, etc | Edited by Richard Kidner |
| 250 ## - EDITION STATEMENT | |
| Edition statement | 21 ed. |
| 260 ## - PUBLICATION, DISTRIBUTION, ETC. (IMPRINT) | |
| Place of publication, distribution, etc | U.S.A ; |
| Name of publisher, distributor, etc | Oxford unversity press |
| Date of publication, distribution, etc | 2011 |
| 300 ## - PHYSICAL DESCRIPTION | |
| Extent | xiv, 469p; : |
| Dimensions | 24cm. |
| 500 ## - GENERAL NOTE | |
| General note | Includes Index |
| 650 ## - SUBJECT ADDED ENTRY--TOPICAL TERM | |
| Topical term or geographic name as entry element | Employment Law |
| 9 (RLIN) | 6909 |
| 650 ## - SUBJECT ADDED ENTRY--TOPICAL TERM | |
| Topical term or geographic name as entry element | Blackstone's statutes on employment law |
| 9 (RLIN) | 6910 |
| 942 ## - ADDED ENTRY ELEMENTS (KOHA) | |
| Source of classification or shelving scheme | Dewey Decimal Classification |
| Item type | Books |
| Withdrawn status | Lost status | Source of classification or shelving scheme | Damaged status | Not for loan | Home library | Current library | Shelving location | Date acquired | Total Checkouts | Full call number | Barcode | Date last seen | Price effective from | Koha item type | Public note |
|---|---|---|---|---|---|---|---|---|---|---|---|---|---|---|---|
| Dewey Decimal Classification | Law Development Centre Main Library | Law Development Centre Main Library | Text Books and Laws | 02/22/2013 | 344.4101 BLA | 4266/2013 | 02/22/2013 | 02/22/2013 | Books | Reserve |
